[Event "POL-ch U17 Qual"]
[Site "Jastrzebia Gora"]
[Date "2021.11.18"]
[Round "5"]
[White "Komisarski, Jerzy"]
[Black "Trela, Konrad"]
[Result "1-0"]
[WhiteElo "1258"]
[BlackElo "1453"]
[PlyCount "118"]
[EventDate "2021.11.15"]
[EventType "swiss"]
[EventRounds "9"]
[EventCountry "POL"]
[SourceTitle "EXT 2023"]
[Source "ChessBase"]
[SourceDate "2022.10.05"]
[SourceVersion "1"]
[SourceVersionDate "2022.10.05"]
[SourceQuality "1"]

1. e4 c5 2. Nf3 Nc6 3. d4 cxd4 4. Nxd4 Nf6 5. Nc3 g6 6. Be3 Bg7 7. Bc4 Qa5 8. f3 Qb4 9. Bb3 Nxe4 10. fxe4 Bxd4 11. Bxd4 Qxd4 12. Qf3 Ne5 13. Qf4 d6 14. Rf1 0-0 15. Nd5 Nc6 16. Nc7 Rb8 17. Bxf7+ Kg7 18. Ne8+ Kh8 19. Rd1 Rxf7 20. Rxd4 Rxf4 21. Rxf4 Be6 22. Rf8+ Bg8 23. Rc4 Nd8 24. Rc7 Ne6 25. Rxg8+ Kxg8 26. Rxe7 Ng5 27. Nf6+ Kf8 28. Rc7 Ra8 29. Nxh7+ Nxh7 30. Rxh7 Kg8 31. Rxb7 a5 32. Ke2 Re8 33. Kd3 Re5 34. Rd7 Rg5 35. g3 Rh5 36. h4 g5 37. Rxd6 gxh4 38. gxh4 Rxh4 39. Rd5 Rh3+ 40. Kc4 Rh2 41. Kb3 a4+ 42. Kxa4 Rxc2 43. Kb3 Re2 44. e5 Re4 45. a4 Kf7 46. a5 Ke6 47. Rc5 Re1 48. Kc4 Ra1 49. b4 Kd7 50. Kb5 Rh1 51. Kb6 Rh6+ 52. Kb7 Kd8 53. a6 Rh7+ 54. Kb8 Rh6 55. b5 Rb6+ 56. Ka7 Re6 57. b6 Re7+ 58. Rc7 Rxe5 59. b7 Rf5 1-0